| 000 | 00545nam a22001577a 4500 | ||
|---|---|---|---|
| 003 | NUST | ||
| 082 | _a200 | ||
| 100 |
_aKhan, Faizan Ahmad _997857 |
||
| 245 |
_aDeep Learning Based Analysis of Optical Coherence Tomography Images for Assessment of Macular Diseases / _cFaizan Ahmad Khan |
||
| 264 |
_aIslamabad : _bSEECS, NUST, _c2022. |
||
| 300 | _a74 p. ; | ||
| 650 |
_aMS-Electrical Engineering _923567 |
||
| 700 |
_aSupervisor: Dr. Muneer Ahmad _997858 |
||
| 856 | _uhttp://10.250.8.41:8080/xmlui/handle/123456789/30052 | ||
| 942 |
_2ddc _cSC |
||
| 999 |
_c591190 _d591190 |
||